Teorija perechodnoj ekonomiki (Titelsatznr. 43119)
[ MARC ]
| 000 -Satzkennung | |
|---|---|
| Kontrollfeld mit fester Länge | 00466nam a22001571cc4500 |
| 001 - Kontrollnummer | |
| Kontrollfeld | a987663333+Band2 |
| 035 ## - Systemkontrollnummer | |
| System-Kontrollnummer | a987663333 |
| 008 - Feld mit fester Länge zur physischen Beschreibung - Allgemeine Angaben | |
| Kontrollfeld mit fester Länge | 170707s1998 gw |||| 000u rus d |
| 040 ## - Katalogisierungsquelle | |
| Übertragungsstelle | RU-10907106 |
| 003 - Kontrollnummer Identifier | |
| Kontrollfeld | RU-10907106 |
| 245 00 - Titel | |
| Titel | Teorija perechodnoj ekonomiki |
| Zählung des Teils/der Abteilung eines Werkes | Band 2 |
| Titel eines Teils/einer Abteilung eines Werkes | Makroekonomika |
| 264 ## - Produktion, Veröffentlichung, Distribution, Herstellung und Urheberrechtsvermerk | |
| Herstellungs-, Veröffentlichungs- Vertriebs-, Erzeugungsort | Moskva : |
| Produzent, Herausgeber, Distributor, Hersteller | TEIS, |
| Datum der Herstellung, der Veröffentlichung, des Vertriebs oder des Urheberschutzvermerks | 1998 |
| 246 12 - Titelvarianten | |
| Hauptsachtitel/Kurztitel | Teorija perechodnoj ekonomiki : Učebnoe posobie. Makroekonomika |
| Zählung des Teils/der Abteilung eines Werkes | Band 2 |
| 773 08 - Übergeordnete Einheit | |
| Datensatzkontrollnummer | a987663333 |
| Zählung und erste Seite | Band2 |
| 942 ## - Zusätzliche Felder (Koha) | |
| Koha-Medientyp | Monographien |
| Ausgeschieden | Verloren | Klassifikation oder Aufstellungssystematik | Beschädigt | Nicht entleihbar | Heimatbibliothek | Aufenthaltsbibliothek | Aufstellungsort | Erwerbungsdatum | Inventarnummer | Signatur | Barcode | Letzte Aktivität | Preis gültig von | Koha-Medientyp |
|---|---|---|---|---|---|---|---|---|---|---|---|---|---|---|
| Andere/Generische Klassifikation | MWN Osteuropa | MWN Osteuropa | Magazin - 2 | 07/07/2017 | 09-00913 | R 71 q Kra 1 (2) | E004015079099A31 | 29/09/2020 | 22/03/2021 | Monographien |